[Event "Yerevan Asrian Memorial 10th"]
[Site "Yerevan"]
[Date "2017.06.24"]
[Round "4"]
[White "Abrahamyan, Rashid"]
[Black "Gharibyan, Mamikon"]
[Result "0-1"]
[WhiteElo "1699"]
[BlackElo "2414"]
[PlyCount "58"]
[EventDate "2017.06.21"]
[EventType "swiss"]
[EventRounds "9"]
[EventCountry "ARM"]
[SourceTitle "EXT 2018"]
[Source "ChessBase"]
[SourceDate "2017.10.13"]
[SourceVersion "1"]
[SourceVersionDate "2017.10.13"]
[SourceQuality "1"]

1. b3 e5 2. Bb2 Nc6 3. c4 Nf6 4. Nf3 Bc5 5. e3 d6 6. a3 0-0 7. Be2 e4 8. Nd4 Bxd4 9. exd4 d5 10. d3 exd3 11. Qxd3 Re8 12. Kf1 dxc4 13. bxc4 Bf5 14. Qxf5 Rxe2 15. Kxe2 Nxd4+ 16. Bxd4 Qxd4 17. Rc1 Qxa1 18. g3 g6 19. Qc2 Qe5+ 20. Kf1 Re8 21. Kg1 c6 22. Qc3 Qf5 23. Rf1 Re2 24. Qd4 c5 25. Qd8+ Re8 26. Qd2 Ne4 27. Qc1 Ng5 28. Nd2 Re2 29. h4 Nh3+ 0-1

[Event "Yerevan Asrian Memorial 10th"]
[Site "Yerevan"]
[Date "2017.06.21"]
[Round "1"]
[White "Harutyunyan, Ruben"]
[Black "Abrahamyan, Rashid"]
[Result "1-0"]
[WhiteElo "2334"]
[BlackElo "1699"]
[PlyCount "89"]
[EventDate "2017.06.21"]
[EventType "swiss"]
[EventRounds "9"]
[EventCountry "ARM"]
[SourceTitle "EXT 2018"]
[Source "ChessBase"]
[SourceDate "2017.10.13"]
[SourceVersion "1"]
[SourceVersionDate "2017.10.13"]
[SourceQuality "1"]

1. Nf3 d5 2. e3 e6 3. c4 Nf6 4. b3 c5 5. Bb2 a6 6. cxd5 exd5 7. d4 cxd4 8. Nxd4 Nc6 9. Bd3 Bb4+ 10. Nd2 0-0 11. 0-0 Re8 12. Rc1 Ne5 13. Be2 Qe7 14. N2f3 Ba3 15. Bxa3 Qxa3 16. Qc2 Nxf3+ 17. Bxf3 Be6 18. Qc5 Qxc5 19. Rxc5 Rac8 20. Rfc1 Rxc5 21. Rxc5 Kf8 22. Kf1 Rd8 23. b4 Ke8 24. Ke1 Kd7 25. b5 Kd6 26. Rc2 Rc8 27. Rb2 Nd7 28. bxa6 bxa6 29. Be2 Rb8 30. Rxb8 Nxb8 31. Bd3 h6 32. Kd2 Bc8 33. Kc3 a5 34. Nb3 Nc6 35. Bb5 Nb4 36. a3 Ba6 37. axb4 Bxb5 38. bxa5 Bf1 39. g3 Ke5 40. Nc5 Bb5 41. a6 Kd6 42. Kd4 f6 43. h4 g5 44. hxg5 hxg5 45. g4 1-0

[Event "Yerevan Asrian Memorial 9th"]
[Site "Yerevan"]
[Date "2016.06.20"]
[Round "5"]
[White "Grigoryan, Arpine"]
[Black "Abrahamyan, Rashid"]
[Result "1/2-1/2"]
[WhiteElo "1978"]
[BlackElo "1756"]
[PlyCount "109"]
[EventDate "2016.06.16"]
[EventType "swiss"]
[EventRounds "9"]
[EventCountry "ARM"]
[SourceTitle "CBM 173 Extra"]
[Source "ChessBase"]
[SourceDate "2016.08.29"]
[SourceVersion "1"]
[SourceVersionDate "2016.08.29"]
[SourceQuality "1"]

1. e4 e5 2. Nf3 Nc6 3. Bb5 Nge7 4. 0-0 g6 5. c3 Bg7 6. d4 exd4 7. cxd4 d5 8. exd5 Nxd5 9. Re1+ Be6 10. Ng5 Qd6 11. Nc3 0-0 12. Nxe6 fxe6 13. Be3 Nxc3 14. bxc3 Kh8 15. Qb3 e5 16. Bxc6 bxc6 17. Rad1 exd4 18. Bxd4 Bxd4 19. Rxd4 Qf6 20. Qc2 Rae8 21. Rde4 Rxe4 22. Rxe4 Kg7 23. h3 Rf7 24. Ra4 Re7 25. Qd2 Qd6 26. Rd4 Qe5 27. Rd7 c5 28. Kf1 a5 29. Rd5 Qe4 30. f3 Qc4+ 31. Kf2 Re2+ 32. Qxe2 Qxd5 33. c4 Qd4+ 34. Kg3 Qd6+ 35. f4 Kf6 36. Kf3 Qd4 37. g4 Qa1 38. g5+ Kf7 39. Kg2 Qd4 40. Kf3 Qd7 41. Kg3 Qd4 42. Kf3 Qd7 43. Qe5 Qxh3+ 44. Kf2 Qh4+ 45. Kf1 Qh1+ 46. Kf2 Qh4+ 47. Ke2 Qh2+ 48. Kd3 Qh3+ 49. Ke4 Qh1+ 50. Kd3 Qb1+ 51. Kc3 Qa1+ 52. Kd3 Qb1+ 53. Kc3 Qa1+ 54. Kd3 Qb1+ 55. Kc3 1/2-1/2